Court and Bakufu in Japan : essays in Kamakura history /

Bibliographic Details
Other Authors: Mass, Jeffrey P.
Format: Book
Language:English
Published: New Haven : Yale University Press, [1982]
Subjects:

MARC

Tag First Indicator Second Indicator Subfields
LEADER 00000pam a2200000 a 4500
001 in00000083342
005 20151008061232.0
008 810901s1982 ctub b 10100 eng
010 |a  81014685  
020 |a 0300026536 :  |c $17.50 
035 |a (OCoLC)07795108 
035 |9 AAJ7614AM 
039 0 |a 2  |b 3  |c 3  |d 3  |e 3 
040 |a DLC  |c DLC  |d TXA  |d UtOrBLW 
043 |a a-ja--- 
049 |a TXAM  |c [1196645] 
050 0 0 |a DS859  |b .C68 1982 
082 0 |a 952/.021  |2 19 
245 0 0 |a Court and Bakufu in Japan :  |b essays in Kamakura history /  |c edited with an introduction by Jeffrey P. Mass. 
264 1 |a New Haven :  |b Yale University Press,  |c [1982] 
264 4 |c ©1982 
300 |a xviii, 322 pages :  |b map ;  |c 25 cm. 
336 |a text  |b txt  |2 rdacontent 
337 |a unmediated  |b n  |2 rdamedia 
338 |a volume  |b nc  |2 rdacarrier 
500 |a Based on papers presented at a conference held at Stanford University, May 1979. 
500 |a Includes index. 
504 |a Bibliography: pages 299-309. 
505 0 |a The Kobu polity: Court-Bakufu relations in Kamakura Japan / G. Cameron Hurst III -- The Imperial Court as a legal authority in the Kamakura age / Cornelius J. Kiley -- Hierarchy and economics in early medieval Todaiji / Joan R. Piggott -- Suo Province in the age of Kamakura / Peter J. Arnesen --The early Bakufu and feudalism / Jeffrey P. Mass -- The Hojo family and succession to power / H. Paul Varley -- The Hojo and consultative government / Andrew Goble -- The Zen monastery in Kamakura society / Martin Collcutt --Social control and the significance of Akuto / Lorraine F. Harrington --Epilogue / John W. Hall -- Old and new approaches to Kamakura history / Takeuchi Rizo. 
651 0 |a Japan  |x History  |y Kamakura period, 1185-1333. 
700 1 |a Mass, Jeffrey P. 
999 |a MARS 
999 f f |s 6b1fdb54-081e-36f8-9cd4-ce962bd2e11e  |i 91b80d8a-6de9-3cb2-b21e-151905b5aeef  |t 0 
952 f f |p ric  |a Texas A&M University  |b Rellis Campus  |c Joint Library Facility  |d Remote Storage  |t 0  |e DS859 .C68 1982  |h Library of Congress classification  |i unmediated -- volume  |m A14806102734 
998 f f |a DS859 .C68 1982  |t 0  |l Remote Storage